MDQL
is popping MORE tags! Check the
thread
!
Quizzes
Events
Quiz Creation
Community
Videos
Private Events
Remove Ads
Sign In
Join for FREE
Feedback
Dark Mode
Quiz Categories
Sports
Geography
Music
Movies
Television
Just For Fun
Miscellaneous
History
Literature
Language
Science
Gaming
Entertainment
Religion
Holiday
For Kids
Quiz Lab
Recent
Popular Today
Quiz Kudos Today
Editor Picks
Curator Picks
Quizzes by...
Day
Popularity
Type
Ratings
Length
Year
Community
Subscriptions
Recent Discussions
Orange Saloon
Badges
Playlists
Quests
Create
Leaderboards
Showdown
Live 5
Trivia Bingo
Activity
Puzzle Library
Sporcle Events
Private Events
Virtual Trivia
Globe League
Become a Host
Pub Owners
SporcleCon
Opinionation
Our Games
Videos
Blog
Mobile Apps
Partnerships
Remove Ads and Go Orange
Feedback
Television
TV Characters
TV Show
Sitcom
Network
Friends
Reality Shows
Cast
South Park
Star Trek
The Simpsons
Doctor Who
Television
TV Characters
TV Show
Sitcom
Network
Friends
Reality Shows
Cast
South Park
Star Trek
The Simpsons
Doctor Who
Random Quiz
Search Sporcle
×
Quiz Lab
Quiz Lab
Television
Reality Shows
Type in answers that appear in a list
Type in answers that appear in a list
Classic
Best Score? Go Orange.
Survivor Day 38 Club Stats
Can you name the Survivor's who got voted out just before final tribal council?
By
soulsurvivor22
8m
40 Questions
56 Plays
56 Plays
56 Plays
Comments
Comments
Give Quiz Kudos
Give Quiz Kudos
-
- Ratings
hide this ad
Replay
Link that replays current quiz
Next Quiz
Link to next quiz in quiz playlist
You Got
0%
They Got
Avg Score
79%
Avg Friend Score
Upgrade to see
Score Distribution
Jump to the score distribution portion of the page
Score
0/40
Timer
08:00
0
Plays Today
Hint
Answer
% Correct
Winners at War
Sarah Lacina
92.9%
Borneo
Rudy Boesch
91.1%
Australia
Keith Famie
91.1%
San Juan Del Sur
Keith Nale
91.1%
Amazon
Rob Cesternino
89.3%
Micronesia
Cirie Fields
89.3%
Heroes vs. Villains
Jerri Manthey
89.3%
Marquesas
Kathy Vavrick O'Brien
87.5%
Cook Islands
Sundra Oakley
87.5%
Philippines
Malcolm Freberg
87.5%
Cagayan
Kass McQuillen
87.5%
Game Changers
Tai Trang
87.5%
All-
Stars
Jenna Lewis
85.7%
South Pacific
Ozzy Lusth
85.7%
Tocantins
Erinn Lobdell
83.9%
Africa
Lex van den Berghe
82.1%
Pearl Islands
Jonny Fairplay
82.1%
Palau
Ian Rosenberger
82.1%
Panama
Terry Deitz
82.1%
Fiji
Yau Man Chan
82.1%
Hint
Answer
% Correct
Blood vs. Water
Tina Wesson
82.1%
Cambodia
Kelley Wentworth
82.1%
Milennials vs. Gen X
David Wright
82.1%
Edge of Extinction
Rick Devens
82.1%
Worlds Apart
Rodney Lavoie Jr.
78.6%
Guatemala
Rafe Judkins
76.8%
China
Denise Martin
76.8%
Samoa
Brett Clouser
75%
Gabon
Matty Whitmore
73.2%
Redemption Island
Ashley Underwood
73.2%
Caramoan
Eddie Fox
71.4%
Island of the Idols
Lauren Beck
71.4%
Vanuatu
Scout Cloud Lee
69.6%
Kaoh Rong
Cydney Gillon
69.6%
HvHvH
Devon Pinto
69.6%
Thailand
Jan Gentry
66.1%
Nicaragua
Holly Hoffman
66.1%
One World
Christina Cha
66.1%
David vs. Goliath
Kara Kay
66.1%
Ghost Island
Angela Perkins
57.1%
Quiz Playlist
Details
Report
Send in Message
Add To Playlist
Classic:
Type in answers that appear in a list
Last Updated: May 13, 2020
Quiz Scoreboard
CHALLENGE
Sign Up to Join the Scoreboard
Show All
Scores
Hide
Comments
May contain spoilers
Recently Published
Colored Red Africa Blitz
by spor1
Geography
30s
Find the 'City' Movie
by crazypaving
Movies
60s
5x2 Blitz: Bands
by SL_Kpop136
Music
30s
More to Explore
Quiz From the Vault
Featured Blog Post
14 Easter Pick-up Lines to Find Eggs With
hide this ad
You Might Also Like...
Tags
Reality Shows Quiz
Survivor Castaways
Survivor Series
Survivor Trivia
Today's Top Quizzes in Television
Browse Television
hide this ad
Today's Top Quizzes in Reality Shows
Browse Reality Shows
Top Contributed Quizzes in Television
1
Survivor Journey Challenge
2
Survivor Logic Puzzle: Heroes vs. Villains
3
One Tree Hill Logic Puzzle
4
Phoebe Buffay Quotes
5
Game of Thrones: Tywin Lannister Start to Finish
6
Brooklyn Nine Nine Logic Puzzle (How-To-Play)
7
A Series of Unfortunate Events: Netflix Character Chain
8
All US Survivor Seasons in Order
9
Survivor: Criteria Castaways
10
A Series of Unfortunate Events: S3 Character Chain
Explore More
Trending Topics
Anime
Harry Potter
NBA
Disney
Marvel
Kpop
Crossword
Puzzle
NFL
Pokémon
Song
The Office
WWE
Country
Soccer
hide this ad
More By:
soulsurvivor22
Quiz
Plays
Rating
Category
Featured
Created
Survivor Merge Boots
59
Television
May 17, 2020
Survivor Day 38 Club
56
Television
May 13, 2020
Go to Creator's Profile
Score Distribution
Quiz Creator Spotlight
soulsurvivor22
Follow
Send a Message
Quizzes Created
-
Created Quiz Play Count
-
More By This Creator
Popular Quizzes Today
1
5x2 Blitz: Bands
2
Find the 'City' Movie
3
Colored Red Africa Blitz
4
Find the US States - No Outlines Minefield
5
The Countries of the World
6
Find the US States
7
9x9 Crossword: Cartoon Network
8
US States
More Television Quizzes
TV Shows by Emoji
Editor's Pick
Trending Quizzes
Colored Red Africa Blitz II
Colored Red Europe Blitz I
Christmas Pick: Judaism
Colored Red Africa Blitz III
Colored Red Europe Blitz II
Recently Updated
Champions League XIs: Real Madrid
pecheneg
Largest US Cities 1790-2010
pecheneg
Rides in Walt Disney World
pecheneg
Most Oscar Losses (Acting)
pecheneg
Beyoncé Albums
pecheneg
Leaping Animals
pecheneg
Reality TV Shows (A-Z)
bhenderson79
Rickey Henderson's Hall of Fame Teammates
pecheneg
Champions League XIs: Arsenal
pecheneg
Quick Pick: Celebrities in WWE's Hall of Fame
aduchscher
Trending Topics
Kpop
Marvel
Crossword
Disney
NBA
Anime
Harry Potter
Song
NFL
Pokémon
The Office
Soccer
Puzzle
WWE
Country
Your Account Isn't Verified!
In order to create a playlist on Sporcle, you need to verify the email address you used during registration. Go to your
Sporcle Settings
to finish the process.
Report this User
Report this user for behavior that violates our
Community Guidelines
.
Details:
Send Report
Go to the Sporcle.com Mobile Site →
Comments